00343nam a2200121Ia 45000030006000000080041000060400015000471000046000622450075001082600009001835460012001920050017002040STCL150530s9999 xx 000 0 und d aSTCLcSTCL aFraenkel Abraham, A.; Bar hillel Yehoshua aStudies in logic and the foundations of mathmatics abstract set theory c1958 aEnglish20220125165921.0